Bombas, cuartetas, refranes y frases célebres (Registro nro. 8919)
[ vista simple ]
| 000 -CABECERA | |
|---|---|
| campo de control de longitud fija | 00584aam a2200205 4500 |
| 005 - FECHA Y HORA DE ACTUALIZACIÓN | |
| campo de control | 20170228132837.0 |
| 008 - LONGITUD FIJA | |
| campo de control de longitud fija | 150611b xxu||||| |||| 00| 0 spa d |
| 041 ## - IDIOMA | |
| Código de idioma del texto/pista de sonido o título separado | |
| 082 ## - CLASIFICACIÓN DECIMAL DEWEY | |
| Número de clasificación | 398.2 R173b |
| 100 ## - AUTOR PERSONAL | |
| Nombre de persona | Ramírez Huertas, Marino |
| 245 ## - TÍTULO PROPIAMENTE DICHO | |
| Título | Bombas, cuartetas, refranes y frases célebres |
| 260 ## - PIE DE IMPRENTA | |
| Lugar de publicación, distribución, etc. | Costa Rica |
| Fecha de publicación, distribución, etc. | 2012 |
| Nombre del editor, distribuidor, etc. | Industrias Marino |
| 300 ## - DESCRIPCIÓN FÍSICA | |
| Extensión | 156 páginas |
| 650 ## - Materia General | |
| Materia general | FOLCLOR COSTARRICENSE |
| 650 ## - Materia General | |
| Materia general | BOMBAS | |
| 650 ## - Materia General | |
| Materia general | CUARTETAS |
| 650 ## - Materia General | |
| Materia general | REFRANES |
| 650 ## - Materia General | |
| Materia general | FRASES CELEBRES |
| 942 ## - Punto de Acceso Adicional Koha | |
| Tipo de ítem Koha | Libro |
| Estado perdido | Estado dañado | No para préstamo | Biblioteca permanente | Biblioteca actual | Signatura completa | Código de barras | Tipo de ítem | Precio efectivo a partir del |
|---|---|---|---|---|---|---|---|---|
| Departamento de Biblioteca y Documentación Alfonso Chase Brenes | Departamento de Biblioteca y Documentación Alfonso Chase Brenes | 398.2 R173b | 18198 | Libro | ||||
| Departamento de Biblioteca y Documentación Alfonso Chase Brenes | Departamento de Biblioteca y Documentación Alfonso Chase Brenes | 398.2 R173b | 17019 | Libro | 28/02/2017 |